Biogenesis of natural products (Record no. 1212771)

MARC details
000 -LEADER
fixed length control field 00917nam a2200265Ia 4500
003 - CONTROL NUMBER IDENTIFIER
control field OSt
005 - DATE AND TIME OF LATEST TRANSACTION
control field 20221007124008.0
008 - FIXED-LENGTH DATA ELEMENTS--GENERAL INFORMATION
fixed length control field 221006b |||||||| |||| 00| 0 eng d
020 ## - INTERNATIONAL STANDARD BOOK NUMBER
International Standard Book Number 8173196931 (pbk)
037 ## - SOURCE OF ACQUISITION
Terms of availability Textbook
040 ## - CATALOGING SOURCE
Original cataloging agency CDL
Transcribing agency CDL
Language of cataloging eng
041 ## - LANGUAGE CODE
Source of code eng
Language code of text/sound track or separate title eng
100 ## - MAIN ENTRY--PERSONAL NAME
Personal name Kumar Baldev
9 (RLIN) 718280
245 #0 - TITLE STATEMENT
Title Biogenesis of natural products
Remainder of title Chopra Harish Kumar
260 ## - PUBLICATION, DISTRIBUTION, ETC.
Place of publication, distribution, etc. New
Name of publisher, distributor, etc. Delhi Narosa Publishing
Date of publication, distribution, etc. 2005
300 ## - PHYSICAL DESCRIPTION
Extent x, 296p.
Dimensions cm.
500 ## - GENERAL NOTE
General note Includes bibliographical references.; Index 286-296p.
700 ## - ADDED ENTRY--PERSONAL NAME
Personal name Chopra Harish Kumar
9 (RLIN) 718281
942 ## - ADDED ENTRY ELEMENTS (KOHA)
Classification part E9, P5;3-;4 Carc
Koha item type Textbook
Source of classification or shelving scheme Colon Classification (CC)
Holdings
Withdrawn status Lost status Source of classification or shelving scheme Damaged status Not for loan Home library Current library Date acquired Source of acquisition Total Checkouts Full call number Barcode Date last seen Price effective from Koha item type
    Colon Classification (CC)     Department of Chemistry Library Department of Chemistry Library 2022-10-07 1237, 23/02/2009, Educational Book Agency (India)   E9 P5;3-;4 Carc CD0007728 2022-10-07 2022-10-07 Textbook
Copyright @ Delhi University Library System